Set-Aside Alert

Detalles Bibliográficos
Formato: Desconocido
Lenguaje:inglés
Publicado: [Nueva York] : Business Research Services, Inc
Materias:
Acceso en línea:Acceso restringido

MARC

LEADER 00000ny a22000003n 4500
005 2011051108068.0
008 071017c20029999us mr pss 0 a0eng d
022 |a 1068-5715 
035 |a 3030  
040 |a BUS  |d vLex 
090 |c 1690  |d 1690 
245 3 0 |a Set-Aside Alert  |h [Recurso electrn̤ico] 
256 |a Servicio en ln̕ea 
260 |a [Nueva York] :  |b Business Research Services, Inc 
310 |a Quincenal 
506 1 |a Contenido solo disponible en los productos indicados  |d vLex Global  |d vLex Global (Academic Edition, excluding Law Schools)  |d vLex Global (Academic Edition, Law Schools) 
650 0 4 |a Administracin̤ Pb︢lica  |x Publicaciones perid̤icas 
650 0 4 |a Negocios  |x Publicaciones perid̤icas 
740 0 |a vLex Revista (Servicios en ln̕ea) 
843 |a Electrn̤ica. Abierta 
853 |8 1  |i (year)  |j (month)  |k (day) 
856 4 0 |z Acceso restringido  |u http://vlex.com/account/login_ip?fuente_id=3030  
942 |c REV